Sauvetage de la Vigne / (Record no. 163592)

MARC details
000 -LEADER
campo de control de longitud fija 00614nam a22001815i 4500
001 - NÚMERO DE CONTROL
campo de control 163592
003 - IDENTIFICADOR DE NÚMERO DE CONTROL
campo de control ES-MaACL
005 - FECHA Y HORA DE LA ÚLTIMA TRANSACCIÓN
campo de control 20230906212755.0
008 - DATOS DE LONGITUD FIJA--INFORMACIÓN GENERAL
campo de control de longitud fija 050715s1889 fr | |||||||| ||fre d
040 ## - FUENTE DE CATALOGACIÓN
Centro catalogador/agencia de origen CAM
Lengua de catalogación spa
Centro/agencia transcriptor CAM
100 1# - ENTRADA PRINCIPAL--NOMBRE DE PERSONA
Nombre de persona Rivaud, Albert.
9 (RLIN) 97598
245 10 - MENCIÓN DEL TÍTULO
Título Sauvetage de la Vigne /
Mención de responsabilidad, etc. par Albert Rivaud.
260 ## - PUBLICACIÓN, DISTRIBUCIÓN, ETC.
Lugar de publicación, distribución, etc. Paris :
Nombre del editor, distribuidor, etc. [s.n.],
Fecha de publicación, distribución, etc. 1889 (
Fabricante Imprimerie du Moniteur Industriel)
300 ## - DESCRIPCIÓN FÍSICA
Extensión 15 p. ;
Dimensiones 27 cm.
500 ## - NOTA GENERAL
Nota general Extrait du Moniteur Industriel.
650 #4 - PUNTO DE ACCESO ADICIONAL DE MATERIA--TÉRMINO DE MATERIA
Término de materia o nombre geográfico como elemento de entrada Viticultura.
9 (RLIN) 136993
852 ## - LOCALIZACIÓN
Ubicación ES-MaACL
Número de control de estantería T-517-F-4
Nota libre -- Enc. hol. conservando la original
-- -- Enc. en un vol. facticio
Holdings
Estatus retirado Estado de pérdida Estado de daño No para préstamo Colección Biblioteca de origen Biblioteca actual Ubicación en estantería Fecha de adquisición Total de préstamos Signatura topográfica completa Código de barras Visto por última vez Precio de reemplazo Tipo de ítem Koha
        Colección de folletos Biblioteca del Ateneo de Madrid Biblioteca del Ateneo de Madrid Depósito folletos 17/01/2008   T-517-F-4 1171431 23/02/2023 23/02/2023 Folleto